<?xml version="1.0" encoding="UTF-8"?>
<record
    xmlns:xsi="http://www.w3.org/2001/XMLSchema-instance"
    xsi:schemaLocation="http://www.loc.gov/MARC21/slim http://www.loc.gov/standards/marcxml/schema/MARC21slim.xsd"
    xmlns="http://www.loc.gov/MARC21/slim">

  <leader>00791nab a2200217 uc4500</leader>
  <controlfield tag="001">851651</controlfield>
  <controlfield tag="005">20240201190605.0</controlfield>
  <controlfield tag="008">031104m01uu2003                    spa  </controlfield>
  <datafield tag="035" ind1=" " ind2=" ">
    <subfield code="a">851651</subfield>
  </datafield>
  <datafield tag="035" ind1=" " ind2=" ">
    <subfield code="a">(OCoLC)820082643</subfield>
  </datafield>
  <datafield tag="040" ind1=" " ind2=" ">
    <subfield code="c">comduadb</subfield>
  </datafield>
  <datafield tag="041" ind1=" " ind2=" ">
    <subfield code="a">spa</subfield>
  </datafield>
  <datafield tag="100" ind1="1" ind2="0">
    <subfield code="a">Montoya Guar&#xED;n, Carlos Julio</subfield>
    <subfield code="4">aut</subfield>
    <subfield code="e">aut</subfield>
    <subfield code="9">304509</subfield>
  </datafield>
  <datafield tag="245" ind1="1" ind2="0">
    <subfield code="a">Inmunoterapia para la infeccion por el Virus de la Inmunodeficiencia Humana-VIH</subfield>
  </datafield>
  <datafield tag="650" ind1=" " ind2=" ">
    <subfield code="a">Inmunoterapia</subfield>
    <subfield code="9">13534</subfield>
  </datafield>
  <datafield tag="650" ind1=" " ind2=" ">
    <subfield code="a">Tratamiento</subfield>
    <subfield code="9">156667</subfield>
  </datafield>
  <datafield tag="650" ind1=" " ind2="7">
    <subfield code="a">VIH</subfield>
    <subfield code="2">lemb</subfield>
    <subfield code="9">855770</subfield>
  </datafield>
  <datafield tag="700" ind1="1" ind2="0">
    <subfield code="a">Rugeles L&#xF3;pez, Mar&#xED;a Teresa</subfield>
    <subfield code="4">aut</subfield>
    <subfield code="e">aut</subfield>
    <subfield code="9">287035</subfield>
  </datafield>
  <datafield tag="773" ind1="0" ind2=" ">
    <subfield code="t">Infectio : Revista de la Asociaci&#xF3;n Colombiana de Infectolog&#xED;a (Medell&#xED;n)</subfield>
    <subfield code="g">Volumen 07, N&#xFA;mero 03, Septiembre 2003, p. 153-165</subfield>
    <subfield code="w">648190</subfield>
    <subfield code="x">0123-9392</subfield>
    <subfield code="0">190879</subfield>
  </datafield>
  <datafield tag="942" ind1=" " ind2=" ">
    <subfield code="c">ARIMP</subfield>
  </datafield>
  <datafield tag="999" ind1=" " ind2=" ">
    <subfield code="c">296342</subfield>
    <subfield code="d">296342</subfield>
  </datafield>
</record>
